High performance liquid chromatography of pesticides (Record no. 38076)

MARC details
000 -LEADER
fixed length control field 00280nam a2200109Ia 4500
082 ## - DEWEY DECIMAL CLASSIFICATION NUMBER
Item number LAW
100 ## - MAIN ENTRY--AUTHOR NAME
Personal name Lawrence
245 #0 - TITLE STATEMENT
Title High performance liquid chromatography of pesticides
260 ## - PUBLICATION, DISTRIBUTION, ETC. (IMPRINT)
Place of publication London
Name of publisher Academic
Year of publication 1982
942 ## - ADDED ENTRY ELEMENTS (KOHA)
Koha item type Books
Holdings
Withdrawn status Lost status Damaged status Not for loan Home library Current library Date acquired Full call number Accession Number Koha item type
      Write off RRII Library RRII Library 16/12/2021 LAW 18443 Books